000
00302nam a22001217a 4500
020
_a
0-08-027006-9
082
_a
355.005 RUS'I
245
_a
RUSI AND BRASSEY'S DEFENCE YEARBOOK 1981
260
_a
OXFORD
_b
BRASSEY'S
_c
1981
300
_a
357P
650
_a
ARMED FORCES PERIODICALS
_9
75810
942
_c
BK
999
_c
581219
_d
581219